000 00485nam a2200157Ia 4500
003 GCL
008 140319s9999 xx 000 0 ara d
040 _aGCL /
_cGCL
082 0 4 _a811.9
_bع م
100 1 _aعبدالرحمن الابنودى
245 1 0 _aعبدالرحمن الابنودى: مختارات /
_cعبدالرحمن الابنودى
490 _aكتاب
_v0
650 0 4 _aالشعر العربى
650 0 4 _aعبدالرحمن الابنودى
942 _2ddc
_cBK
999 _c43160
_d43160